000 00345nam a2200133Ia 4500
008 151001s9999||||xx |||||||||||||| ||und||
100 _aआर एम बेलेटाइन
245 _aमुगे का व्दिप
250 _a9
260 _bशिक्षा भारती
260 _c1980
300 _a93
365 _b18
999 _c961954
_d961951